טוען...

Understanding Bioinformatics /

מידע ביבליוגרפי
מחבר ראשי: Zvelebil,, Marketa
מחברים אחרים: Baurn,, Jeremy
שפה:English
יצא לאור: .
LEADER 00457cam a2200169ua 4500
008 081218t||||||||||| 00 ||eng c
041 0 |a eng 
100 |a Zvelebil,, Marketa 
245 1 0 |a Understanding Bioinformatics /  
260 |c . 
300 |a . 
362 1 |a . 
504 |a . 
700 0 2 |a Baurn,, Jeremy 
942 |c Molecular biology de 
999 |c 19785  |d 19785 
952 |0 0  |1 0  |4 0  |7 0  |9 20720  |a KUCL  |b KUCL  |d 2014-05-23  |l 0  |p 20578  |r 2017-02-13  |w 2014-05-23  |y Molecular   |f 00000